<?xml version="1.0" encoding="UTF-8"?>
<record
    xmlns:xsi="http://www.w3.org/2001/XMLSchema-instance"
    xsi:schemaLocation="http://www.loc.gov/MARC21/slim http://www.loc.gov/standards/marcxml/schema/MARC21slim.xsd"
    xmlns="http://www.loc.gov/MARC21/slim">

  <leader>00909aab a2200193 i 4500</leader>
  <controlfield tag="001">768714001</controlfield>
  <controlfield tag="003">CO-MdFUSB</controlfield>
  <controlfield tag="005">20241002062722.0</controlfield>
  <controlfield tag="008">240417t1983    ag ||||| |||| 00| 0 spa d</controlfield>
  <datafield tag="040" ind1=" " ind2=" ">
    <subfield code="b">spa</subfield>
    <subfield code="c">CO-MdFUSB</subfield>
  </datafield>
  <datafield tag="041" ind1=" " ind2=" ">
    <subfield code="a">spa</subfield>
  </datafield>
  <datafield tag="100" ind1="1" ind2=" ">
    <subfield code="a">Deiros, Pablo A. (Alberto) (1945-)</subfield>
    <subfield code="e">autor</subfield>
  </datafield>
  <datafield tag="245" ind1=" " ind2="3">
    <subfield code="a">La sangre de los m&#xE1;rtires</subfield>
    <subfield code="c">/ Pablo A. Deiros</subfield>
  </datafield>
  <datafield tag="300" ind1=" " ind2=" ">
    <subfield code="a">Volumen 2, n&#xFA;mero 4, (diciembre, 1983), p&#xE1;ginas:  34 - 35</subfield>
    <subfield code="c">; 27 cm</subfield>
  </datafield>
  <datafield tag="520" ind1=" " ind2=" ">
    <subfield code="a">Perspectiva hist&#xF3;rica de misioneros a quienes Dios asoci&#xF3; a su misi&#xF3;n redentora en el mundo en los primeros siglos de vida de la Iglesia.  Estos hombres y mujeres cambiaron la faz del mundo antiguo que de pagano pas&#xF3; a ser cristiano.</subfield>
  </datafield>
  <datafield tag="650" ind1=" " ind2="7">
    <subfield code="a">Cristianismo</subfield>
    <subfield code="x">Historia</subfield>
    <subfield code="y">0030-0600 (Iglesia primitiva)</subfield>
    <subfield code="2"></subfield>
    <subfield code="9">217</subfield>
  </datafield>
  <datafield tag="773" ind1="0" ind2=" ">
    <subfield code="t">Iglesia y Misi&#xF3;n</subfield>
    <subfield code="0">49402</subfield>
    <subfield code="9">59626</subfield>
    <subfield code="g">Volumen 2, n&#xFA;mero 4, (diciembre, 1983), p&#xE1;ginas: 34 - 35</subfield>
    <subfield code="q">p&#xE1;gina: 34</subfield>
  </datafield>
  <datafield tag="942" ind1=" " ind2=" ">
    <subfield code="c">ANA</subfield>
  </datafield>
  <datafield tag="999" ind1=" " ind2=" ">
    <subfield code="c">51433</subfield>
    <subfield code="d">51433</subfield>
  </datafield>
</record>
